| 000 | 00779cam a22002411 4500 | ||
|---|---|---|---|
| 001 | sa 67001770 | ||
| 003 | DLC | ||
| 005 | 20260227112325.0 | ||
| 008 | 740328s1966 ii k 000 0 eng | ||
| 010 | _asa 67001770 | ||
| 025 | _aPL480:I-E-7345 | ||
| 040 |
_aDLC _cDLC _dDLC |
||
| 050 | 0 | 0 |
_aKNU8801.2.A311941 _bS26 1966 |
| 082 | 0 | 0 | _a340 |
| 110 | 1 |
_aWest Bengal. _kLaws, statutes, etc. |
|
| 245 | 1 | 4 |
_aThe Bengal finance (sales tax) act, 1941, _bwith the Bengal sales tax rules, 1941, _cexhaustively annotated and amended upto date by J. N. Sanyal. |
| 250 | _a[3d ed.] | ||
| 260 |
_aCalcutta, _bSarkar _c[1966] |
||
| 300 |
_avii, 184 p. _bforms. _c20 cm. |
||
| 350 | _aRs6 | ||
| 650 | 0 |
_aSales tax _xLaw and legislation _zIndia _zWest Bengal. |
|
| 700 | 1 |
_aSanyal, J. N., _eed. |
|
| 999 |
_c72845 _d72845 |
||